000 00893nam a22001935i 4500
001 165837
003 ES-MaACL
005 20230906213220.0
008 960520s1881 sp |||| | spa d
040 _aCLM
_bspa
_cCCPB | SIC
110 2 _aInstituto de Enseñanza Media Cardenal Cisneros (Madrid)
_94869
245 1 0 _aMemoria acerca del estado del Instituto del Cardenal Cisneros durante el curso de 1879 a 1880 /
_cescrita por Hemeterio Suaña y Castellet.
260 _aMadrid :
_b[s.n.],
_c1881 (
_fImprenta, Estereotipia y Galvanoplastia de Aribau y C.ª)
300 _a191, [2] p. ;
_c22 cm.
596 _aEn cub. aparece 1880 como fecha de pie de imprenta.
610 2 4 _aInstituto de Enseñanza Media Cardenal Cisneros (Madrid)-
_vMemorias.
_9144969
700 1 _aSuaña y Castellet, Hemeterio.
_9132945
852 _aES-MaACL
_jT-361-F-10
_z-- Enc. hol.
_z-- Enc. en un vol. facticio
999 _c165837
_d165837